Подробности
| 000 -МАРКЕР |
| контрольное поле |
02410nam0a2200373 4500 |
| 001 - ИДЕНТИФИКАТОР ЗАПИСИ |
| контрольное поле |
RU\NLR\bibl\79801 |
| 005 - ИДЕНТИФИКАТОР ВЕРСИИ |
| контрольное поле |
20260406104913.0 |
| 010 ## - МЕЖДУНАРОДНЫЙ СТАНДАРТНЫЙ НОМЕР КНИГИ (ISBN) |
| Номер (ISBN) |
5-93196-014-7 |
| Тираж |
7000 |
| 021 ## - НОМЕР ГОСУДАРСТВЕННОЙ РЕГИСТРАЦИИ |
| Код страны |
Российская Федерация |
| Номер |
1999-42347 |
| Номер Листа государственной регистраци |
2082 |
| 035 ## - ДРУГИЕ СИСТЕМНЫЕ НОМЕРА |
| Идентификатор записи |
(NLR Aleph) 000077902 |
| 100 ## - ДАННЫЕ ОБЩЕЙ ОБРАБОТКИ |
| Данные общей обработки |
20000410d1999 |||y0rusy50 ca |
| 101 0# - ЯЗЫК РЕСУРСА |
| Язык текста, звукозаписи и т.д. |
русский |
| 102 ## - СТРАНА ПУБЛИКАЦИИ ИЛИ ПРОИЗВОДСТВА |
| Страна публикации |
Российская Федерация |
| 105 ## - ПОЛЕ КОДИРОВАННЫХ ДАННЫХ: ТЕКСТОВЫЕ МАТЕРИАЛЫ, МОНОГРАФИЧЕСКИЕ |
| Кодированные данные о монографическом текстовом документе |
y ||||||||| |
| 200 1# - ЗАГЛАВИЕ И СВЕДЕНИЯ ОБ ОТВЕТСТВЕННОСТИ |
| Основное заглавие |
Сборник распорядительных документов по технике безопасности при обслуживании тепломеханического оборудования электростанций, тепловых сетей и объектов, подконтрольных Госгортехнадзору России |
| Первые сведения об ответственности |
Рос. АО энергетики и электрификации "ЕЭС России" |
| 210 ## - ПУБЛИКАЦИЯ, РАСПРОСТРАНЕНИЕ И ДР. |
| Место издания, распространения и т.д. |
М. |
| Имя издателя, распространителя и т. д. |
НЦ ЭНАС |
| Дата издания, распространения и т.д. |
1999 |
| 215 ## - ФИЗИЧЕСКАЯ ХАРАКТЕРИСТИКА |
| Специфическое обозначение материала и объем |
260 с. |
| Размеры |
22 |
| 606 0# - НАИМЕНОВАНИЕ ТЕМЫ КАК ПРЕДМЕТ |
| Наименование темы |
Электрические станции |
| Формальный подзаголовок |
Нормативные и руководящие материалы |
| Тематический подзаголовок |
Эксплуатация |
| -- |
Техника безопасности |
| Системный номер авторитетной/нормативной записи |
2074378 |
| Идентификатор авторитетной/нормативной записи |
RU\NLR\auth\661249372 |
| 606 0# - НАИМЕНОВАНИЕ ТЕМЫ КАК ПРЕДМЕТ |
| Наименование темы |
Тепловые сети |
| Формальный подзаголовок |
Нормативные и руководящие материалы |
| Тематический подзаголовок |
Эксплуатация |
| -- |
Техника безопасности |
| Системный номер авторитетной/нормативной записи |
1749336 |
| Идентификатор авторитетной/нормативной записи |
RU\NLR\auth\661079160 |
| 606 0# - НАИМЕНОВАНИЕ ТЕМЫ КАК ПРЕДМЕТ |
| Наименование темы |
Электрические станции |
| Формальный подзаголовок |
Нормативные документы |
| Тематический подзаголовок |
Эксплуатация |
| -- |
Техника безопасности |
| Системный номер авторитетной/нормативной записи |
2074378 |
| Идентификатор авторитетной/нормативной записи |
RU\NLR\auth\661249372 |
| 606 0# - НАИМЕНОВАНИЕ ТЕМЫ КАК ПРЕДМЕТ |
| Наименование темы |
Тепловые сети |
| Формальный подзаголовок |
Нормативные документы |
| Тематический подзаголовок |
Эксплуатация |
| -- |
Техника безопасности |
| Системный номер авторитетной/нормативной записи |
1749336 |
| Идентификатор авторитетной/нормативной записи |
RU\NLR\auth\661079160 |
| 606 0# - НАИМЕНОВАНИЕ ТЕМЫ КАК ПРЕДМЕТ |
| Наименование темы |
Технический надзор |
| Формальный подзаголовок |
Нормативные и руководящие материалы |
| Системный номер авторитетной/нормативной записи |
897426 |
| Идентификатор авторитетной/нормативной записи |
RU\NLR\auth\665484 |
| 606 0# - НАИМЕНОВАНИЕ ТЕМЫ КАК ПРЕДМЕТ |
| Наименование темы |
Технический надзор |
| Формальный подзаголовок |
Нормативные документы |
| Системный номер авторитетной/нормативной записи |
897426 |
| Идентификатор авторитетной/нормативной записи |
RU\NLR\auth\665484 |
| 686 ## - ИНДЕКСЫ ДРУГИХ КЛАССИФИКАЦИЙ |
| Индекс |
З277н65я8 |
| 686 ## - ИНДЕКСЫ ДРУГИХ КЛАССИФИКАЦИЙ |
| Индекс |
З385-082н65я8 |
| 686 ## - ИНДЕКСЫ ДРУГИХ КЛАССИФИКАЦИЙ |
| Индекс |
Ж.н607я8 |
| 712 02 - НАИМЕНОВАНИЕ ОРГАНИЗАЦИИ - ВТОРИЧНАЯ ОТВЕТСТВЕННОСТЬ |
| Код отношения |
Прочие |
| Начальный элемент ввода |
"ЕЭС", российское акционерное общество энергетики и электрификации |
| Идентификатор авторитетной/нормативной записи |
RU\NLR\AUTH\883732 |
| Системный номер авторитетной/нормативной записи |
278773 |
| 801 #0 - ИСТОЧНИК ЗАПИСИ |
| Страна |
Российская Федерация |
| Организация |
NLR |
| Дата составления |
20000410 |
| Правила каталогизации |
PSBO |
| 801 #1 - ИСТОЧНИК ЗАПИСИ |
| Страна |
Российская Федерация |
| Организация |
NLR |
| Дата составления |
20000410 |
| 852 ## - МЕСТОНАХОЖДЕНИЕ И ШИФР ХРАНЕНИЯ |
| Идентификатор организации |
NLR |
| Шифр хранения (Call Number) |
2000-5/243 |
| 942 ## - ДОПОЛНИТЕЛЬНЫЕ ЭЛЕМЕНТЫ ЗАПИСИ (АБИС) |
| Тип экземпляра АБИС |
Книга |
| 980 ## - КОЛЛЕКЦИЯ |
| Название коллекции |
Национальная библиография |